000 00432nam a22001697a 4500
999 _c478586
_d478586
003 NUST
005 20180605064039.0
008 180605b ||||| |||| 00| 0 eng d
020 _a9788131201848
038 _aSNS Library
082 _a528.1 DOD 2003
100 _aScott Dodelson
_910451
245 _aModern Cosmology
_cScott Dodelson
260 _aNew Delhi
_bElsevier
_c2003
300 _axiii,440 P
_bPb.
942 _2ddc
_cBK